00924cam a22002177a 4500003000500000005001700005008004100022010000900063011000900072035000900081040000900090082002900099110007900128245008900207260005300296300000700349500025900356650002800615650004100643650002200684CHAP20220329133344.0971013s1991 r 00010 d a5375 a6347 a5567 cCHAP a312.0972bM49c 1990 Pue. aInstituto Nacional de Estadística, Geografía e Informática. México 0aCenso general de población y vivienda (11o.) 1990: Puebla : resultados definitivos aAguascalientes, Ags. :bEl Instituto,c1991-19 . av. aLa biblioteca tiene: v.1-8 Resultados definitivos -- v.9 Integración territorial -- v.10 Datos por AGEB urbana -- v.11 Datos por AGEB urbana (96 mapas) -- v.12 Datos por AGEB urbana (95 mapas) -- v.13 Datos por AGEB urbana (97 mapas) -- v.14 Perfil soc14aMéxicoxCensos (1990)14aPoblaciónxEstadísticaszPuebla.14aViviendaxPuebla.